000 00659nam a2200241Ia 4500
003 OSt
005 20220928110005.0
006 a|||||r|||| 00| 0
007 ta
008 220927b |||||||| |||| 00| 0 eng d
024 _a64357
037 _cTextual
040 _aSDCL
_cSDCL
_beng
041 _2eng
_aeng
082 _aV1,94'N8, M0
100 _aEide Asbjorn Ed.
_9417628
245 0 _aProblems of contemporary militarism
260 _aLondon
_bCroom Helm
_c1980
300 _a415p.
_ccm.
700 _a Thee Marek Ed.
_9417629
942 _hV1,94'N8, M0
_cTEXL
_2CC
999 _c733618
_d733618